| 000 | 00751nam a22002057a 4500 | ||
|---|---|---|---|
| 003 | OSt | ||
| 005 | 20260317053441.0 | ||
| 008 | 260317b |||||||| |||| 00| 0 eng d | ||
| 020 | _a 978-1-338-15917-2 | ||
| 040 |
_aDWCL GS lib _cOC |
||
| 100 | _aGERONIMO STILTON | ||
| 245 |
_aCavemice: a mammoth mystery _cGERONIMO STILTON |
||
| 260 |
_aNew York _bScholastic Inc _c2017. |
||
| 300 |
_avii, 111 pages _bcolor illustrations _c19 cm. |
||
| 520 | _aIn Cavemice: A Mammoth Mystery (#15), Geronimo Stiltonoot faces a catastrophe when all the mammoths flee Old Mouse City, halting the production of popular mammoth milkshakes. | ||
| 546 | _aEnglish | ||
| 650 | _2fiction/mystery novel | ||
| 650 | _2friendship, resourcefulness | ||
| 942 |
_2ddc _cFIC. _n0 |
||
| 999 |
_c9223 _d9223 |
||